000 00733nam a2200205 a 4500
001 000021381
005 20200930011318.0
008 100907s1981 dr a 000 0 spa d
040 _aDO-SdBNP
_bspa
_cBNPHU
082 _a560.97293
_bO77e
100 1 _aOrtega, Elpidio
_916002
245 1 0 _aEstudio de cuatro nuevos sitios paleoarcáicos de la Isla de Santo Domingo. /
_cElpidio Ortega, José Guerrero.
260 _aSanto Domingo :
_bMuseo del Hombre Dominicano,
_c1981.
300 _a226 p. :
_bil., graf. ;
_c24 cm.
490 _aInvestigaciones antropológicas
_v17
500 _aIncluye anexo
650 4 _aPaleontología
_zRepública Dominicana
_944632
830 0 _aInvestigaciones antropológicas
_n17
_938662
049 _aBNPD
999 _c20881
_d20881